| 000 | 00525nam a22001697a 4500 | ||
|---|---|---|---|
| 005 | 20251108164011.0 | ||
| 008 | 250721s1991 xx 000 0 ara d | ||
| 082 | 1 | 4 | _a320.158/كيل |
| 100 | 1 | _aكيله، سلامه | |
| 245 | 1 | 0 |
_aإشكالية الحركة القومية العربية : _bمحاولة توضيح / |
| 264 | 1 |
_aدمشق : _bدار كنعان للدراسات، _c1991. |
|
| 300 | _a119ص | ||
| 650 | 1 | 7 | _aالقومية |
| 650 | 1 | 7 | _aالقومية العربية |
| 942 |
_2ddc _cBK |
||
| 999 |
_c1112 _d1112 |
||